Procesy skladovania zásob bakalárska práca

Guardado en:
Detalles Bibliográficos
Autor principal: Kohutová, Helena
Autor Corporativo: Podnikovohospodárska fakulta EU so sídlom v Košiciach. Katedra marketingu a obchodu
Otros Autores: Pružinský, Michal, 1952-
Formato: Libro
Lenguaje:eslovaco
Publicado: Košice 2012
Etiquetas: Agregar Etiqueta
Sin Etiquetas, Sea el primero en etiquetar este registro!

MARC

LEADER 00000nbm a2200000 4500
001 0155651
005 20161109111907.2
041 0 |a slo 
044 |a SK 
245 1 0 |a Procesy skladovania zásob  |b bakalárska práca  |c Helena Kohutová ; školiteľ: Michal Pružinský 
264 1 |a Košice  |c 2012 
300 |a 53 s. 
100 1 |a Kohutová, Helena 
700 1 |a Pružinský, Michal, 1952- 
710 2 |a Podnikovohospodárska fakulta EU so sídlom v Košiciach. Katedra marketingu a obchodu